Demon Slayer - Tile Select - Statistiques

Statistiques générales
  • Ce quiz a été pris 390 fois
  • Le résultat moyen est 57 sur 75
Statistiques - réponses
Question Tuile Select % Correct
Quel mouvement Zenitsu utilise-t-il exclusivement ? 2ème mouvement Non
95%
Quel mouvement Zenitsu utilise-t-il exclusivement ? 3ème mouvement Non
95%
Quel mouvement Zenitsu utilise-t-il exclusivement ? 4ème mouvement Non
95%
Quel mouvement Zenitsu utilise-t-il exclusivement ? 5ème mouvement Non
95%
Quel mouvement Zenitsu utilise-t-il exclusivement ? 6ème mouvement Non
94%
Comment s'appelle le forgeron qui s'occupe tout le temps du sabre de Tanjiro ? Lisbeth Non
92%
Quels yeux appartiennent à Enmu ? Non
91%
Quels yeux appartiennent à Enmu ? Non
91%
Quels yeux appartiennent à Enmu ? Non
91%
Comment s'appelle le forgeron qui s'occupe tout le temps du sabre de Tanjiro ? Arai Shakku Non
91%
Comment s'appelle le forgeron qui s'occupe tout le temps du sabre de Tanjiro ? Godot Non
91%
Qui sont des personnages de Demon Slayer ? Shrek Non
91%
Quels yeux appartiennent à Enmu ? Non
90%
Quels yeux appartiennent à Enmu ? Non
90%
Quels yeux appartiennent à Enmu ? Non
90%
Quels yeux appartiennent à Enmu ? Non
90%
Combien existe-il de souffles différents ? 2 Non
90%
Qui sont des personnages de Demon Slayer ? Giyu Tomioka Oui
90%
Comment s'appelle le forgeron qui s'occupe tout le temps du sabre de Tanjiro ? Kozuki Sukiyaki Non
90%
En comptant tout l'animé (4 saisons), dans quel arc est le démon le plus puissant qu'on voit se battre (hormis Muzan) Mont Nagumo Non
90%
Comment s'appelle le forgeron qui s'occupe tout le temps du sabre de Tanjiro ? Ōetsu Nimaiya Non
90%
Quelles images sont tirées de la saison 1 ? Non
89%
Combien existe-il de souffles différents ? 504 Non
89%
En comptant tout l'animé (4 saisons), dans quel arc est le démon le plus puissant qu'on voit se battre (hormis Muzan) Sélection Finale Non
89%
Quelles images sont tirées de la saison 4 ? Non
88%
Quelles images sont tirées de la saison 1 ? Non
88%
Quelles images sont tirées de la saison 1 ? Non
88%
Quels yeux appartiennent à Enmu ? Non
88%
Quel mouvement Zenitsu utilise-t-il exclusivement ? 1er mouvement Oui
88%
Qui sont des personnages de Demon Slayer ? Genya Shinazugawa Oui
87%
Comment s'appelle le forgeron qui s'occupe tout le temps du sabre de Tanjiro ? Hotaru Haganezuka Oui
87%
En comptant tout l'animé (4 saisons), dans quel arc est le démon le plus puissant qu'on voit se battre (hormis Muzan) Quartier des plaisirs Non
87%
Quelles images sont tirées de la saison 4 ? Non
85%
Combien y a-t-il d'épisodes dans Demon Slayer (jusqu'à s4 incluse) 36 Non
85%
Combien existe-il de souffles différents ? 41 Non
85%
Qui sont des personnages de Demon Slayer ? Doma Oui
85%
Quels yeux appartiennent à Enmu ? Oui
84%
Combien existe-il de souffles différents ? 17 Non
83%
En comptant tout l'animé (4 saisons), dans quel arc est le démon le plus puissant qu'on voit se battre (hormis Muzan) Entraînement des piliers Non
83%
Combien existe-il de souffles différents ? 24 Non
82%
Combien existe-il de souffles différents ? 15 Non
80%
Quelles images sont tirées de la saison 1 ? Non
79%
Combien y a-t-il d'épisodes dans Demon Slayer (jusqu'à s4 incluse) 97 Non
79%
Qui sont des personnages de Demon Slayer ? Tanjiro Kamiya Non
79%
Quelles images sont tirées de la saison 1 ? Non
78%
Combien existe-il de souffles différents ? 10 Non
78%
Quelles images sont tirées de la saison 1 ? Oui
77%
Combien y a-t-il d'épisodes dans Demon Slayer (jusqu'à s4 incluse) 45 Non
77%
Qui sont des personnages de Demon Slayer ? Mitsuri Kinoshita Non
75%
Qui sont des personnages de Demon Slayer ? Shinobu Oshino Non
75%
Qui sont des personnages de Demon Slayer ? Gyomei Hozuki Non
71%
Quels citations viennent de Demon Slayer ? Si tu ne crois pas en toi, crois en moi qui croit en toi Non
70%
En comptant tout l'animé (4 saisons), dans quel arc est le démon le plus puissant qu'on voit se battre (hormis Muzan) Village des forgerons Non
70%
Combien y a-t-il d'épisodes dans Demon Slayer (jusqu'à s4 incluse) 51 Non
69%
Quelles images sont tirées de la saison 1 ? Oui
67%
Quelles images sont tirées de la saison 4 ? Oui
66%
Combien y a-t-il d'épisodes dans Demon Slayer (jusqu'à s4 incluse) 76 Non
66%
Quelles images sont tirées de la saison 4 ? Non
64%
Combien existe-il de souffles différents ? 12 Non
64%
Quels citations viennent de Demon Slayer ? Dès le moment où quelqu’un pense à toi quelque part, cet endroit devient ton foyer Non
64%
Quels citations viennent de Demon Slayer ? Les imbéciles qui ne respectent pas le passé sont susceptibles de le répéter Non
64%
Quels citations viennent de Demon Slayer ? Je suis une créature parfaite qui est infiniment proche de la perfection Oui
62%
Quelles images sont tirées de la saison 4 ? Oui
60%
En comptant tout l'animé (4 saisons), dans quel arc est le démon le plus puissant qu'on voit se battre (hormis Muzan) Train de l'infini Oui
58%
Qui sont des personnages de Demon Slayer ? Aoi Kanzaki Oui
52%
Quelles images sont tirées de la saison 4 ? Oui
51%
Quelles images sont tirées de la saison 4 ? Oui
50%
Quelles images sont tirées de la saison 1 ? Oui
49%
Quelles images sont tirées de la saison 1 ? Oui
43%
Quelles images sont tirées de la saison 4 ? Oui
41%
Quelles images sont tirées de la saison 4 ? Non
39%
Quels citations viennent de Demon Slayer ? Quoi que tu endures, souffres en silence... si tu es un homme Oui
37%
Combien y a-t-il d'épisodes dans Demon Slayer (jusqu'à s4 incluse) 63 Oui
28%
Combien existe-il de souffles différents ? 14 Oui
27%
Quels citations viennent de Demon Slayer ? D'ordinaire, ce tigre et ce dragon auraient dû rester endormis, mais tu les as réveillés Oui
22%
Aucun quiz correspondant
Distribution des résultats
% des personnes avec chaque résultat
Percentile par nombre de réponses
Votre historique - résultats
Vous n’avez pas pris ce quiz